Il pensiero, l'apprendimento e la memoria : che cosa si svolge nella nostra testa, come apprende il nostro cervello e quando ci tradisce? /

Guardado en:
Detalles Bibliográficos
Autor principal: Vester, Frederic (autor)
Otros autores: Fleischmann, Conrad (traducción) (traducción), Sellinger Fleischmann, Beatrice (traducción) (traducción)
Formato: Libro
Idioma:Italiano
Publicado: Florencia, Italia : Giunti-Martello, 1981, c1976
Etiquetas: Agrega una etiqueta
Sin etiquetas, Sé el primero en etiquetar este registro!

MARC

LEADER 00000nam^a2200000^a^4500
001 000623145
005 20251024000000.0
009 20260310133932.668
037 |a Acervo Xavier Clavigero 
041 |a ITA 
091 |a FHG. 00251 
100 |a Vester, Frederic  |e (autor) 
245 1 3 |a Il pensiero, l'apprendimento e la memoria :  |b che cosa si svolge nella nostra testa, come apprende il nostro cervello e quando ci tradisce? / 
264 4 |a Florencia, Italia :  |b Giunti-Martello,  |c 1981, c1976 
300 |a 203 p. 
336 |a texto  |b txt  |2 rdacontenido 
337 |a sin mediación  |b n  |2 rdamedio 
338 |a volumen  |b nc  |2 rdasoporte 
649 |a XX 
700 |a Fleischmann, Conrad  |e (traducción) 
700 |a Sellinger Fleischmann, Beatrice  |e (traducción) 
910 |a Fondo Humberto García Bedoy S.J. 
920 |a Impresos - Libros 
930 |a Fondos Especiales 
905 |a 148 
901 |a 623386-10  |b IT2  |c ESP  |i D  |u 20251024 
902 |a https://opac.biblio.iteso.mx/vufind/Record/000623145